[Event "Coupe Totier 2010 Qualifications Suisse"]
[Site "Martigues"]
[Date "2010.06.06"]
[Round "3.1"]
[White "Girard, Jean Pierre"]
[Black "Lefevre, Michel1"]
[Result "1-0"]
[WhiteElo "1923"]
[BlackElo "1570"]
[PlyCount "63"]
[EventDate "2010.06.06"]
[EventType "swiss ()"]
[EventRounds "3"]
[EventCountry "FRA"]
[Source "CDJE 13"]
[SourceDate "2010.06.15"]
[WhiteTeam "Istres/Fos"]
[BlackTeam "Martigues II"]
[WhiteTeamCountry "FRA"]
[BlackTeamCountry "FRA"]

1. e4 d6 2. d4 e6 3. Nf3 h6 4. Be3 g6 5. Nc3 a6 6. a4 b6 7. Be2 Bg7 8. Qd2 Bb7
9. O-O Nd7 10. b4 e5 11. Rad1 Qe7 12. dxe5 Nxe5 13. Nd5 Nxf3+ 14. Bxf3 Qd7 15.
Bd4 f6 16. Qc3 Bxd5 17. exd5 Kf7 18. h3 Rh7 19. Rfe1 Ne7 20. Re6 f5 21. Bxg7
Rxg7 22. Qf6+ Kg8 23. Rde1 Re8 24. c4 Rf7 25. Qh4 Kh7 26. Bd1 Kg7 27. Bc2 f4
28. Qg4 Rf6 29. Qh4 g5 30. Qh5 Rxe6 31. dxe6 Qc6 32. Qf7+ 1-0

[Event "Coupe Totier 2010 Qualifications Suisse"]
[Site "Martigues"]
[Date "2010.06.06"]
[Round "3.2"]
[White "Santiago, Jean Jose"]
[Black "Jullien, Patrick"]
[Result "1-0"]
[WhiteElo "1199"]
[BlackElo "1786"]
[PlyCount "37"]
[EventDate "2010.06.06"]
[EventType "swiss ()"]
[EventRounds "3"]
[EventCountry "FRA"]
[Source "CDJE 13"]
[SourceDate "2010.06.15"]
[WhiteTeam "Martigues II"]
[BlackTeam "Istres/Fos"]
[WhiteTeamCountry "FRA"]
[BlackTeamCountry "FRA"]

1. e4 c6 2. d4 d5 3. Nc3 dxe4 4. Nxe4 Bf5 5. Nc3 Nf6 6. Nf3 Nbd7 7. Bf4 e6 8.
Bc4 Bb4 9. Ne5 Ne4 10. Qf3 O-O 11. g4 Nxe5 12. Bxe5 Bg6 13. O-O-O Qa5 14. Nxe4
Bxe4 15. Qxe4 Qb6 16. Bd3 f5 17. gxf5 exf5 18. Bc4+ Kh8 19. Bxg7+ 1-0

[Event "Coupe Totier 2010 Qualifications Suisse"]
[Site "Martigues"]
[Date "2010.06.06"]
[Round "3.3"]
[White "Larbi, Sofiane"]
[Black "Nerino Escoubet, Gabriel"]
[Result "1-0"]
[WhiteElo "1499"]
[BlackElo "1099"]
[PlyCount "65"]
[EventDate "2010.06.06"]
[EventType "swiss ()"]
[EventRounds "3"]
[EventCountry "FRA"]
[Source "CDJE 13"]
[SourceDate "2010.06.15"]
[WhiteTeam "Istres/Fos"]
[BlackTeam "Martigues II"]
[WhiteTeamCountry "FRA"]
[BlackTeamCountry "FRA"]

1. e4 e5 2. Nf3 Nc6 3. Bc4 g6 4. O-O d6 5. h3 f5 6. exf5 Bxf5 7. Nc3 Nd4 8.
Nxd4 exd4 9. Nb5 a6 10. Nxd4 d5 11. Nxf5 gxf5 12. Qh5+ Kd7 13. Qxf5+ Ke8 14.
Bxd5 Nf6 15. Re1+ Be7 16. Qxf6 Rf8 17. Qe5 c6 18. Be6 Rf6 19. d3 Bd6 20. Qh5+
Rg6 21. Bf5+ Be7 22. Bxg6+ hxg6 23. Qxg6+ Kd7 24. Qe6+ Ke8 25. Bg5 Kf8 26.
Bxe7+ Kg7 27. Bxd8 Rxd8 28. Qe7+ Kh6 29. Qxd8 b5 30. Re5 Kg6 31. Qd6+ Kf7 32.
Re7+ Kg8 33. Qd8# 1-0

[Event "Coupe Totier 2010 Qualifications Suisse"]
[Site "Martigues"]
[Date "2010.06.06"]
[Round "3.4"]
[White "Santiago, Antoine Louis"]
[Black "Nari, Alain"]
[Result "0-1"]
[WhiteElo "1009"]
[BlackElo "1630"]
[PlyCount "70"]
[EventDate "2010.06.06"]
[EventType "swiss ()"]
[EventRounds "3"]
[EventCountry "FRA"]
[Source "CDJE 13"]
[SourceDate "2010.06.15"]
[WhiteTeam "Martigues II"]
[BlackTeam "Istres/Fos"]
[WhiteTeamCountry "FRA"]
[BlackTeamCountry "FRA"]

1. e4 c5 2. d4 cxd4 3. c3 dxc3 4. Bc4 cxb2 5. Bxb2 e6 6. Nf3 Bb4+ 7. Nbd2 d5 8.
exd5 exd5 9. Bb5+ Nc6 10. Ne5 Nge7 11. Qf3 O-O 12. Bd3 Nxe5 13. Bxe5 Re8 14.
Qh5 Ng6 15. Bxg6 fxg6 16. Qf3 Rxe5+ 17. Kd1 Bxd2 18. Kxd2 Qg5+ 19. Kd1 Bg4 20.
Qxg4 Qxg4+ 21. f3 Qxg2 22. Re1 Rxe1+ 23. Kxe1 Qg1+ 24. Kd2 Qxa1 25. Kd3 Qxa2
26. f4 Qc4+ 27. Ke3 Re8+ 28. Kf3 Qe4+ 29. Kg3 d4 30. f5 Qxf5 31. h4 Re3+ 32.
Kg2 Qc2+ 33. Kf1 Qd1+ 34. Kf2 Qd2+ 35. Kf1 Re1# 0-1

[Event "Coupe Totier 2010 Phase Finale"]
[Site "Martigues"]
[Date "2010.06.12"]
[Round "1.1"]
[White "Flores, Francisco"]
[Black "Milesi, Laurent"]
[Result "0-1"]
[WhiteElo "1897"]
[BlackElo "2140"]
[PlyCount "52"]
[EventDate "2010.06.12"]
[EventType "k.o. ()"]
[EventRounds "2"]
[EventCountry "FRA"]
[Source "CDJE 13"]
[SourceDate "2010.06.15"]
[WhiteTeam "Martigues"]
[BlackTeam "Aix en Provence"]
[WhiteTeamCountry "FRA"]
[BlackTeamCountry "FRA"]

1. d4 b6 2. c4 Bb7 3. Nc3 e6 4. Nf3 f5 5. e3 Nf6 6. Bd3 g6 7. Qc2 Bg7 8. Bd2
O-O 9. O-O-O d5 10. Rhg1 c5 11. dxc5 bxc5 12. Qb3 Qe7 13. Kb1 Nc6 14. cxd5 exd5
15. Nxd5 Nxd5 16. Qxd5+ Kh8 17. Qc4 Rfd8 18. Bc3 Nb4 19. Bxg7+ Qxg7 20. Be2 Bd5
21. Rxd5 Nxd5 22. Rd1 Rab8 23. Qc2 Nc3+ 24. Ka1 Rxd1+ 25. Bxd1 Nxd1 26. Ng5
Rxb2 0-1

[Event "Coupe Totier 2010 Phase Finale"]
[Site "Martigues"]
[Date "2010.06.12"]
[Round "1.2"]
[White "Burmonas, Romain"]
[Black "Cattaneo, Romain"]
[Result "1-0"]
[WhiteElo "1731"]
[BlackElo "1858"]
[PlyCount "55"]
[EventDate "2010.06.12"]
[EventType "k.o. ()"]
[EventRounds "2"]
[EventCountry "FRA"]
[Source "CDJE 13"]
[SourceDate "2010.06.15"]
[WhiteTeam "Aix en Provence"]
[BlackTeam "Martigues"]
[WhiteTeamCountry "FRA"]
[BlackTeamCountry "FRA"]

1. e4 g6 2. Nc3 Bg7 3. f4 c6 4. Bc4 e6 5. Nf3 d5 6. Bb3 b5 7. a3 Bb7 8. d3
Bxc3+ 9. bxc3 dxe4 10. Ne5 exd3 11. cxd3 c5 12. O-O Ne7 13. Be3 Qc7 14. Qe2 Nf5
15. Bf2 h5 16. Rae1 Kf8 17. Bxe6 fxe6 18. Nxg6+ Kg7 19. Nxh8 Kxh8 20. Qxh5+ Qh7
21. Qe8+ Qg8 22. Rxe6 Nd7 23. Qh5+ Qh7 24. Qxh7+ Kxh7 25. g4 Rg8 26. h3 Rg7 27.
Rfe1 Nf8 28. Rf6 1-0

[Event "Coupe Totier 2010 Phase Finale"]
[Site "Martigues"]
[Date "2010.06.12"]
[Round "1.3"]
[White "Lepeigneux, Jean Jacques"]
[Black "Giry, Valentin"]
[Result "1-0"]
[WhiteElo "1617"]
[BlackElo "1580"]
[PlyCount "51"]
[EventDate "2010.06.12"]
[EventType "k.o. ()"]
[EventRounds "2"]
[EventCountry "FRA"]
[Source "CDJE 13"]
[SourceDate "2010.06.15"]
[WhiteTeam "Martigues"]
[BlackTeam "Aix en Provence"]
[WhiteTeamCountry "FRA"]
[BlackTeamCountry "FRA"]

1. e4 c5 2. Nf3 d6 3. c3 Nf6 4. e5 dxe5 5. Nxe5 g6 6. Qb3 e6 7. Bb5+ Nbd7 8. d4
cxd4 9. Bg5 b6 10. Bf4 dxc3 11. Nc6 cxb2 12. Qxb2 Bg7 13. Nxd8 Nh5 14. Be5 f6
15. Nxe6 fxe5 16. Nxg7+ Nxg7 17. Bxd7+ Bxd7 18. Qxe5+ Kf7 19. O-O Rhe8 20. Qf4+
Kg8 21. Nc3 Rac8 22. Nd5 Rf8 23. Ne7+ Kh8 24. Qd6 Rcd8 25. Rad1 Ne8 26. Nxg6+
1-0

[Event "Coupe Totier 2010 Phase Finale"]
[Site "Martigues"]
[Date "2010.06.12"]
[Round "1.4"]
[White "Benezra, Amos"]
[Black "Bouillot, Quentin"]
[Result "0-1"]
[WhiteElo "1520"]
[BlackElo "1480"]
[PlyCount "70"]
[EventDate "2010.06.12"]
[EventType "k.o. ()"]
[EventRounds "2"]
[EventCountry "FRA"]
[Source "CDJE 13"]
[SourceDate "2010.06.15"]
[WhiteTeam "Aix en Provence"]
[BlackTeam "Martigues"]
[WhiteTeamCountry "FRA"]
[BlackTeamCountry "FRA"]

1. e4 e5 2. Nf3 Nc6 3. d4 exd4 4. c3 dxc3 5. Nxc3 Bc5 6. Bc4 Nge7 7. Ng5 Ne5 8.
Bb3 h6 9. Nh3 O-O 10. O-O d6 11. Kh1 Bxh3 12. gxh3 N7g6 13. f4 Nd7 14. Na4 Qh4
15. f5 Qxe4+ 16. Qf3 Qxf3+ 17. Rxf3 Nge5 18. Rf1 Bd4 19. Bf4 Nd3 20. Rab1 Nxf4
21. Rxf4 Be5 22. Rc4 c6 23. Nc3 Nb6 24. Rg4 d5 25. Ne2 Kh8 26. Ng3 Nd7 27. Nh5
Nf6 28. Nxf6 Bxf6 29. Rg2 Rae8 30. Rbg1 Re5 31. Rf1 Rfe8 32. Rc2 Re1 33. Rc1
Rxc1 34. Rxc1 Bxb2 35. Rf1 Bc3 0-1

[Event "Coupe Totier 2010 Phase Finale"]
[Site "Martigues"]
[Date "2010.06.12"]
[Round "1.1"]
[White "Chauvet, Vincent"]
[Black "Brest, Jean Francois"]
[Result "1-0"]
[WhiteElo "2008"]
[BlackElo "1888"]
[PlyCount "103"]
[EventDate "2010.06.12"]
[EventType "k.o. ()"]
[EventRounds "2"]
[EventCountry "FRA"]
[Source "CDJE 13"]
[SourceDate "2010.06.15"]
[WhiteTeam "Meyreuil"]
[BlackTeam "Marseille Echecs"]
[WhiteTeamCountry "FRA"]
[BlackTeamCountry "FRA"]

1. e4 c5 2. Nf3 Nc6 3. d4 cxd4 4. Nxd4 Nf6 5. Nc3 e5 6. Ndb5 d6 7. Nd5 Nxd5 8.
exd5 Ne7 9. c4 Nf5 10. Bd3 g6 11. O-O a6 12. Nc3 Bg7 13. Ne4 O-O 14. Bg5 f6 15.
Bd2 Re8 16. Bb4 Bf8 17. Qa4 Kg7 18. Ba5 Qe7 19. Rac1 Bd7 20. Qb4 Rac8 21. Bb6
Nh6 22. c5 Nf7 23. cxd6 Nxd6 24. Bc5 Rxc5 25. Qxc5 Nxe4 26. Qxe7+ Bxe7 27. Bxe4
Bd6 28. Rc3 f5 29. Bc2 e4 30. a4 Kf6 31. b3 Be5 32. Rh3 Kg7 33. b4 f4 34. Ra3
Bd4 35. Rd1 e3 36. fxe3 fxe3 37. Rxd4 e2 38. Ra1 e1=Q+ 39. Rxe1 Rxe1+ 40. Kf2
Ra1 41. Rc4 Bxa4 42. Bxa4 Rxa4 43. d6 Kf7 44. Re4 Ra3 45. Ke2 Ra2+ 46. Ke3 Ra1
47. Kd4 b6 48. Kd5 Rc1 49. d7 Rd1+ 50. Kc6 a5 51. b5 a4 52. Kc7 1-0

[Event "Coupe Totier 2010 Phase Finale"]
[Site "Martigues"]
[Date "2010.06.12"]
[Round "1.2"]
[White "Bremond, Pascal"]
[Black "Jean, Nicolas"]
[Result "0-1"]
[WhiteElo "1995"]
[BlackElo "1694"]
[PlyCount "76"]
[EventDate "2010.06.12"]
[EventType "k.o. ()"]
[EventRounds "2"]
[EventCountry "FRA"]
[Source "CDJE 13"]
[SourceDate "2010.06.15"]
[WhiteTeam "Marseille Echecs"]
[BlackTeam "Meyreuil"]
[WhiteTeamCountry "FRA"]
[BlackTeamCountry "FRA"]

1. d4 d5 2. c4 e6 3. Nf3 c6 4. g3 Nf6 5. Bg2 dxc4 6. O-O Bd6 7. Nc3 Nbd7 8. e4
e5 9. Qe2 Qe7 10. Rd1 O-O 11. Nh4 Nb6 12. dxe5 Bxe5 13. Kh1 h6 14. Re1 Re8 15.
f4 Bxc3 16. bxc3 Bg4 17. Qf2 Rad8 18. h3 Bxh3 19. Bxh3 Nxe4 20. Rxe4 Qxe4+ 21.
Nf3 Rd3 22. Bg2 Qf5 23. Nh4 Rd1+ 24. Kh2 Qd3 25. Bf3 Rf1 26. Qg2 Ree1 27. Bb2
Rxa1 28. Bxa1 Rxa1 29. Be4 Qf1 30. Qd2 Rd1 31. Qc2 Re1 32. Bg2 Qe2 33. Qf5 Qe6
34. Qh5 Re2 35. f5 Qe4 36. Kh3 Qc2 37. Qg4 Nd5 38. Bxd5 Rh2# 0-1

[Event "Coupe Totier 2010 Phase Finale"]
[Site "Martigues"]
[Date "2010.06.12"]
[Round "1.3"]
[White "Montanelli, Tristan"]
[Black "Figier, Anthony"]
[Result "0-1"]
[WhiteElo "1646"]
[BlackElo "1651"]
[PlyCount "60"]
[EventDate "2010.06.12"]
[EventType "k.o. ()"]
[EventRounds "2"]
[EventCountry "FRA"]
[Source "CDJE 13"]
[SourceDate "2010.06.15"]
[WhiteTeam "Meyreuil"]
[BlackTeam "Marseille Echecs"]
[WhiteTeamCountry "FRA"]
[BlackTeamCountry "FRA"]

1. e3 d5 2. c4 Nf6 3. cxd5 Nxd5 4. Nc3 g6 5. Bc4 Nxc3 6. bxc3 Bg7 7. Nf3 O-O 8.
Ba3 Nc6 9. O-O Bg4 10. Be2 Qd7 11. h3 Bf5 12. Nd4 Nxd4 13. exd4 Rfe8 14. Bf3 c6
15. Re1 Rad8 16. Qa4 a6 17. Qb4 e5 18. g4 Bd3 19. Be4 Bxe4 20. Rxe4 f5 21. gxf5
Qxf5 22. Rg4 Rf8 23. Qb3+ Rf7 24. Rf1 h5 25. dxe5 hxg4 26. e6 gxh3 27. exf7+
Kh7 28. c4 Rd3 29. Qxd3 Qxd3 30. f8=Q Bxf8 0-1

[Event "Coupe Totier 2010 Phase Finale"]
[Site "Martigues"]
[Date "2010.06.12"]
[Round "1.4"]
[White "Derige, Yan"]
[Black "Schiano Lomoriello, Didier"]
[Result "1/2-1/2"]
[WhiteElo "1410"]
[BlackElo "1540"]
[PlyCount "136"]
[EventDate "2010.06.12"]
[EventType "k.o. ()"]
[EventRounds "2"]
[EventCountry "FRA"]
[Source "CDJE 13"]
[SourceDate "2010.06.15"]
[WhiteTeam "Marseille Echecs"]
[BlackTeam "Meyreuil"]
[WhiteTeamCountry "FRA"]
[BlackTeamCountry "FRA"]

1. d4 Nf6 2. c4 g6 3. Nc3 d5 4. Nf3 Bg7 5. Bf4 c6 6. e3 O-O 7. Be2 dxc4 8. Bxc4
Nbd7 9. O-O Nh5 10. Bg3 Nxg3 11. fxg3 e5 12. Nxe5 Nxe5 13. dxe5 Qxd1 14. Raxd1
Bxe5 15. Rf2 Kg7 16. Rdf1 f6 17. Ne4 Bf5 18. Nc5 b6 19. Ne6+ Bxe6 20. Bxe6 Rad8
21. Bb3 Rd3 22. Re2 Rfd8 23. Rc1 c5 24. Rf1 Rd2 25. Rff2 Rxe2 26. Rxe2 a6 27.
a4 Bc7 28. Bc4 Rd1+ 29. Kf2 Rb1 30. Bxa6 Be5 31. Kf3 Rxb2 32. Rxb2 Bxb2 33. Ke4
Bc3 34. Kd5 h6 35. Kc6 Ba5 36. Kd5 g5 37. g4 Kg6 38. e4 h5 39. h3 hxg4 40. hxg4
Kf7 41. Bc4 Ke7 42. Kc6 Kf8 43. Kd7 Kg7 44. Ke7 Bc3 45. Ke6 Ba5 46. Bd3 Bc3 47.
Kd5 Ba5 48. Kc6 Kf7 49. Kd7 Bc3 50. Bc4+ Kg7 51. Bd3 Ba5 52. Bc4 Bc3 53. Kd6
Ba5 54. Ke6 Bc3 55. Kf5 Bd4 56. Ke6 Bc3 57. Kd6 Ba5 58. Ke7 Bc3 59. Kd7 Ba5 60.
Kc6 Kf8 61. Kd6 Kg7 62. Ke6 Bc3 63. Kf5 Bd4 64. Ke6 Bc3 65. Kd5 Kf8 66. Kc6 Ba5
67. Kd6 Bc3 68. Kc6 Ba5 1/2-1/2

[Event "Coupe Totier 2010 Phase Finale"]
[Site "Martigues"]
[Date "2010.06.12"]
[Round "2.1"]
[White "Brest, Jean Francois"]
[Black "Flores, Francisco"]
[Result "1-0"]
[WhiteElo "1888"]
[BlackElo "1897"]
[PlyCount "51"]
[EventDate "2010.06.12"]
[EventType "k.o. ()"]
[EventRounds "2"]
[EventCountry "FRA"]
[Source "CDJE 13"]
[SourceDate "2010.06.15"]
[WhiteTeam "Marseille Echecs"]
[BlackTeam "Martigues"]
[WhiteTeamCountry "FRA"]
[BlackTeamCountry "FRA"]

1. e4 c5 2. Nf3 Nc6 3. d4 cxd4 4. Nxd4 Nf6 5. Nc3 e5 6. Ndb5 d6 7. Bg5 a6 8.
Na3 b5 9. Nd5 Be7 10. Bxf6 Bxf6 11. c3 Bg5 12. Nc2 O-O 13. a4 bxa4 14. Rxa4 f5
15. exf5 Rxf5 16. Nde3 d5 17. Qxd5+ Qxd5 18. Nxd5 Be6 19. Nce3 Rf7 20. Bc4 Bxe3
21. Nxe3 Bxc4 22. Nxc4 Rb8 23. Rxa6 Nb4 24. cxb4 Rc7 25. b3 Rxb4 26. O-O 1-0

[Event "Coupe Totier 2010 Phase Finale"]
[Site "Martigues"]
[Date "2010.06.12"]
[Round "2.2"]
[White "Cattaneo, Romain"]
[Black "Bremond, Pascal"]
[Result "1-0"]
[WhiteElo "1858"]
[BlackElo "1995"]
[PlyCount "110"]
[EventDate "2010.06.12"]
[EventType "k.o. ()"]
[EventRounds "2"]
[EventCountry "FRA"]
[Source "CDJE 13"]
[SourceDate "2010.06.15"]
[WhiteTeam "Martigues"]
[BlackTeam "Marseille Echecs"]
[WhiteTeamCountry "FRA"]
[BlackTeamCountry "FRA"]

1. e4 e5 2. Nc3 Nf6 3. Bc4 Bc5 4. d3 Nc6 5. Bg5 h6 6. Bh4 d6 7. Nge2 Be6 8. Nd5
g5 9. Bg3 Bxd5 10. exd5 Ne7 11. Nc3 Qd7 12. Qf3 Qf5 13. Qxf5 Nxf5 14. Ne4 Nxe4
15. dxe4 Nd4 16. Kd2 c6 17. c3 cxd5 18. cxd4 Bb4+ 19. Ke2 dxc4 20. dxe5 dxe5
21. Bxe5 O-O 22. Rac1 Rac8 23. f3 Rfe8 24. Bc3 Bf8 25. h4 Bg7 26. hxg5 hxg5 27.
Rh5 Bxc3 28. bxc3 Rc5 29. Rch1 Kf8 30. g4 Ra5 31. Ke3 Rd8 32. Rh8+ Ke7 33. Rxd8
Kxd8 34. Rh2 Ra6 35. Kd4 Rc6 36. Rh5 f6 37. Rh7 Kc8 38. Kd5 a5 39. Re7 a4 40.
Re6 Rc7 41. Rxf6 b5 42. Rb6 Rd7+ 43. Kc6 Rd2 44. Rxb5 Rxa2 45. Rxg5 Kd8 46. Kb5
Rb2+ 47. Kxc4 a3 48. Ra5 a2 49. f4 Re2 50. Kd3 Rg2 51. f5 Kd7 52. g5 Kd6 53.
e5+ Kc6 54. g6 Rg3+ 55. Kc4 Rg2 1-0

[Event "Coupe Totier 2010 Phase Finale"]
[Site "Martigues"]
[Date "2010.06.12"]
[Round "2.3"]
[White "Figier, Anthony"]
[Black "Lepeigneux, Jean Jacques"]
[Result "1-0"]
[WhiteElo "1651"]
[BlackElo "1617"]
[PlyCount "65"]
[EventDate "2010.06.12"]
[EventType "k.o. ()"]
[EventRounds "2"]
[EventCountry "FRA"]
[Source "CDJE 13"]
[SourceDate "2010.06.15"]
[WhiteTeam "Marseille Echecs"]
[BlackTeam "Martigues"]
[WhiteTeamCountry "FRA"]
[BlackTeamCountry "FRA"]

1. e4 g6 2. d4 d6 3. Nc3 Bg7 4. Be3 Nc6 5. Qd2 e5 6. dxe5 Nxe5 7. f4 Nc6 8. Bd3
Nf6 9. f5 Ne5 10. fxg6 fxg6 11. h3 O-O 12. O-O-O Nh5 13. g4 Ng3 14. Rh2 Nf3 15.
Nxf3 Rxf3 16. Bc4+ Kh8 17. Bd4 Qe8 18. Bxg7+ Kxg7 19. Qd4+ Qe5 20. Qxe5+ dxe5
21. Rg2 Re3 22. Bd3 Be6 23. Rdg1 Nxe4 24. Nxe4 Bd5 25. Kd2 Rxh3 26. Re2 Rd8 27.
Nc3 Bc4 28. Rxe5 Bxd3 29. cxd3 Rdxd3+ 30. Kc2 Kf6 31. Rge1 Rd4 32. g5+ Kf7 33.
Re7+ 1-0

[Event "Coupe Totier 2010 Phase Finale"]
[Site "Martigues"]
[Date "2010.06.12"]
[Round "2.4"]
[White "Bouillot, Quentin"]
[Black "Derige, Yan"]
[Result "1-0"]
[WhiteElo "1480"]
[BlackElo "1410"]
[PlyCount "77"]
[EventDate "2010.06.12"]
[EventType "k.o. ()"]
[EventRounds "2"]
[EventCountry "FRA"]
[Source "CDJE 13"]
[SourceDate "2010.06.15"]
[WhiteTeam "Martigues"]
[BlackTeam "Marseille Echecs"]
[WhiteTeamCountry "FRA"]
[BlackTeamCountry "FRA"]

1. d4 d5 2. c4 c6 3. Nc3 Nf6 4. h3 Bf5 5. Nf3 e6 6. Bg5 Nbd7 7. e3 h6 8. Bh4
Be7 9. c5 Ne4 10. Bxe7 Qxe7 11. Nxe4 dxe4 12. Nd2 O-O 13. Qc2 Nf6 14. Be2 Rac8
15. Qa4 b5 16. Qc2 e5 17. Nb3 Nd5 18. a3 exd4 19. Nxd4 Bh7 20. O-O b4 21. Qc4
bxa3 22. Rxa3 Rb8 23. Nxc6 Qe6 24. Nxb8 Rxb8 25. Rd1 Nf6 26. Rxa7 Bg6 27. Qxe6
fxe6 28. Rb1 Nd5 29. Bc4 Re8 30. Bxd5 exd5 31. c6 Rc8 32. c7 Kf8 33. b4 Ke7 34.
b5 Kd7 35. b6 Kc6 36. b7 Kxc7 37. b8=Q+ Kd8 38. Qd6+ Ke8 39. Qe7# 1-0

[Event "Coupe Totier 2010 Phase Finale"]
[Site "Martigues"]
[Date "2010.06.12"]
[Round "2.1"]
[White "Milesi, Laurent"]
[Black "Chauvet, Vincent"]
[Result "1-0"]
[WhiteElo "2140"]
[BlackElo "2008"]
[PlyCount "113"]
[EventDate "2010.06.12"]
[EventType "k.o. ()"]
[EventRounds "2"]
[EventCountry "FRA"]
[Source "CDJE 13"]
[SourceDate "2010.06.15"]
[WhiteTeam "Aix en Provence"]
[BlackTeam "Meyreuil"]
[WhiteTeamCountry "FRA"]
[BlackTeamCountry "FRA"]

1. b3 e5 2. Bb2 Nc6 3. e3 a6 4. c4 Nf6 5. a3 g6 6. Nf3 d6 7. d4 Qe7 8. Nc3 exd4
9. Nxd4 Ne5 10. Be2 Bg7 11. h3 O-O 12. O-O Bd7 13. Qd2 Rad8 14. Nd5 Nxd5 15.
cxd5 c5 16. dxc6 bxc6 17. f4 c5 18. fxe5 cxd4 19. exd6 Qg5 20. h4 Qxe3+ 21.
Qxe3 dxe3 22. Bxg7 Kxg7 23. Rad1 Rfe8 24. Rd4 a5 25. Rc1 Re5 26. b4 axb4 27.
axb4 Bb5 28. Kf1 Kf6 29. Rc7 Rf5+ 30. Ke1 Ke5 31. Rd1 Bxe2 32. Kxe2 Ke6 33.
Re7+ Kf6 34. Rxe3 Rb5 35. Rd4 Rd7 36. g4 h5 37. g5+ Kg7 38. Kd2 Rb6 39. Re7
Rdxd6 40. Rxd6 Rxd6+ 41. Kc3 Kf8 42. Re4 Kg7 43. Kc4 Rc6+ 44. Kd5 Rc1 45. b5
Rd1+ 46. Kc6 Rc1+ 47. Kb7 f5 48. gxf6+ Kxf6 49. b6 Kf5 50. Ra4 Rb1 51. Ka7 g5
52. Ra5+ Kg4 53. hxg5 h4 54. g6 Kf4 55. b7 h3 56. b8=Q+ Rxb8 57. Kxb8 1-0

[Event "Coupe Totier 2010 Phase Finale"]
[Site "Martigues"]
[Date "2010.06.12"]
[Round "2.2"]
[White "Jean, Nicolas"]
[Black "Burmonas, Romain"]
[Result "0-1"]
[WhiteElo "1694"]
[BlackElo "1731"]
[PlyCount "132"]
[EventDate "2010.06.12"]
[EventType "k.o. ()"]
[EventRounds "2"]
[EventCountry "FRA"]
[Source "CDJE 13"]
[SourceDate "2010.06.15"]
[WhiteTeam "Meyreuil"]
[BlackTeam "Aix en Provence"]
[WhiteTeamCountry "FRA"]
[BlackTeamCountry "FRA"]

1. e4 e5 2. Nf3 Nc6 3. Bc4 Be7 4. c3 Nf6 5. d3 d6 6. Ng5 O-O 7. Qb3 d5 8. exd5
Na5 9. Qc2 Nxd5 10. Bxd5 Qxd5 11. O-O Bxg5 12. Bxg5 f6 13. Be3 Bf5 14. Rd1 Rfd8
15. Na3 Bxd3 16. Qd2 Nc6 17. b3 Qe4 18. Qb2 Qg4 19. f3 Qg6 20. Qf2 a6 21. Rd2
Rd7 22. Rad1 Rad8 23. Nc4 Qf7 24. Nb2 e4 25. Nxd3 exd3 26. Qf1 Qg6 27. Bf4 Qf5
28. Bg3 Ne5 29. Bxe5 Qxe5 30. c4 Qe2 31. Qe1 Qxe1+ 32. Rxe1 Kf7 33. Re3 Kg6 34.
Kf1 c5 35. Ke1 Rd4 36. a4 Kf5 37. Re7 R8d7 38. Rxd7 Rxd7 39. Kf2 h5 40. Ke3 h4
41. g3 hxg3 42. hxg3 Ke5 43. Rxd3 Rxd3+ 44. Kxd3 f5 45. Ke3 Kf6 46. Kf4 g5+ 47.
Ke3 Ke5 48. f4+ Kf6 49. a5 g4 50. Kd3 Ke6 51. Kc3 Kd6 52. b4 Kc6 53. Kb3 cxb4
54. Kxb4 b6 55. axb6 Kxb6 56. c5+ Kc6 57. Ka5 Kxc5 58. Kxa6 Kd4 59. Kb5 Ke3 60.
Kc5 Kf3 61. Kd5 Kxg3 62. Ke5 Kf3 63. Kxf5 g3 64. Ke5 g2 65. f5 g1=Q 66. f6 Qg8
0-1

[Event "Coupe Totier 2010 Phase Finale"]
[Site "Martigues"]
[Date "2010.06.12"]
[Round "2.3"]
[White "Giry, Valentin"]
[Black "Montanelli, Tristan"]
[Result "0-1"]
[WhiteElo "1580"]
[BlackElo "1646"]
[PlyCount "68"]
[EventDate "2010.06.12"]
[EventType "k.o. ()"]
[EventRounds "2"]
[EventCountry "FRA"]
[Source "CDJE 13"]
[SourceDate "2010.06.15"]
[WhiteTeam "Aix en Provence"]
[BlackTeam "Meyreuil"]
[WhiteTeamCountry "FRA"]
[BlackTeamCountry "FRA"]

1. d4 g6 2. e4 Bg7 3. Nf3 d6 4. c4 c5 5. Nc3 cxd4 6. Nxd4 Nc6 7. Be3 Nf6 8. Be2
O-O 9. O-O Bd7 10. f3 Kh8 11. Qd2 Ng8 12. a3 Rc8 13. Rac1 Na5 14. Nd5 e5 15.
Nb5 Nb3 16. Qc2 Nxc1 17. Rxc1 Bxb5 18. Bxa7 Bc6 19. Bb6 Qd7 20. Qd3 f5 21. Bf2
Bxd5 22. Qxd5 fxe4 23. fxe4 Qf7 24. Be3 Qxd5 25. exd5 Bh6 26. Bxh6 Nxh6 27. b4
b6 28. a4 Nf5 29. Bg4 h5 30. Bf3 Nd4 31. Bd1 e4 32. Rc3 Rfe8 33. a5 bxa5 34.
bxa5 e3 0-1

[Event "Coupe Totier 2010 Phase Finale"]
[Site "Martigues"]
[Date "2010.06.12"]
[Round "2.4"]
[White "Schiano Lomoriello, Didier"]
[Black "Benezra, Amos"]
[Result "0-1"]
[WhiteElo "1540"]
[BlackElo "1520"]
[PlyCount "136"]
[EventDate "2010.06.12"]
[EventType "k.o. ()"]
[EventRounds "2"]
[EventCountry "FRA"]
[Source "CDJE 13"]
[SourceDate "2010.06.15"]
[WhiteTeam "Meyreuil"]
[BlackTeam "Aix en Provence"]
[WhiteTeamCountry "FRA"]
[BlackTeamCountry "FRA"]

1. e4 c5 2. Nf3 d6 3. d4 cxd4 4. Nxd4 Nf6 5. Nc3 g6 6. Be3 Bg7 7. f3 Nc6 8. Qd2
O-O 9. Bc4 Bd7 10. Bb3 Rc8 11. O-O-O Ne5 12. h4 h5 13. Bg5 Nc4 14. Bxc4 Rxc4
15. Qe2 Rc5 16. Nb3 Rc7 17. Qe3 a6 18. Bxf6 Bxf6 19. Nd5 Rc6 20. Nxf6+ exf6 21.
Qf4 Qc7 22. Nd4 Rc4 23. Kb1 Kg7 24. g4 Rh8 25. gxh5 Rxh5 26. Rhg1 b5 27. Rd2
Qc5 28. Rgd1 Qe5 29. Qxe5 fxe5 30. Nb3 Rxh4 31. Rxd6 Bc8 32. Rd8 Rh2 33. c3 Rf2
34. R8d3 Be6 35. Nd2 Rc6 36. Nf1 Bc4 37. R3d2 Rxf1 38. Rxf1 Bxf1 39. Rd5 Re6
40. Kc2 Bg2 41. b3 Bxf3 42. Kd3 f5 43. Rd7+ Kf6 44. exf5 gxf5 45. c4 Be4+ 46.
Ke3 b4 47. Rd8 Bb1 48. Rd2 f4+ 49. Kf3 Kf5 50. Rb2 e4+ 51. Kf2 Bd3 52. Ke1 f3
53. Kd2 f2 54. Ke3 f1=Q 55. Rf2+ Qxf2+ 56. Kxf2 Bb1 57. c5 Bxa2 58. c6 Rxc6 59.
Ke3 Bxb3 60. Ke2 a5 61. Ke3 a4 62. Ke2 a3 63. Ke3 a2 64. Kd4 a1=Q+ 65. Ke3 Qc3+
66. Ke2 Qd3+ 67. Kf2 Rc2+ 68. Ke1 Qe2# 0-1